مكتبة جامعة عجلون الوطنية

فهرس بحث المكتبة

Normal view MARC view
  • الهندسة - دراسة وتعليم

Entry Topical Term

Number of records used in: 1

001 - CONTROL NUMBER

  • control field: 57382

003 - CONTROL NUMBER IDENTIFIER

  • control field: JO-AjAnu

005 - DATE AND TIME OF LATEST TRANSACTION

  • control field: 20230606083410.0

008 - FIXED-LENGTH DATA ELEMENTS

  • fixed length control field: 230606|| aca||aabn | a|a d

040 ## - CATALOGING SOURCE

  • Original cataloging agency: JO-AjAnu
  • Transcribing agency: JO-AjAnu

150 ## - HEADING--TOPICAL TERM

  • Topical term or geographic name entry element: الهندسة - دراسة وتعليم

670 ## - SOURCE DATA FOUND

  • Source citation: Work cat.: (JO-AjAnu)29276: تأليف: الحسبان، احمد عبد ربه واخروون... ؛ تحرير رافع حقي, author 57381, مشروع تيوننج الشرق الاوسط وشمال افريقيا: نقاط مرجعية لتصميم وتقديم برامج جامعية في هندسة العمارة